La Senda del bien : (páginas de un diario) / por Juan Gomis Llambias (páginas de un diario) / por Juan Gomis Llambias
Descripción Física:
229 p. : il. ; 20 cm
MARC
| LEADER | 00000nam a2200000Ia 4500 | ||
|---|---|---|---|
| 001 | 1259 | ||
| 008 | 160829s1927 xx 000 0 cat d | ||
| 080 | |a M-2-315 | ||
| 100 | |a Gomis Llambias, Joan |9 37987 | ||
| 245 | |a La Senda del bien : |b (páginas de un diario) / por Juan Gomis Llambias | ||
| 250 | |a 2a ed. | ||
| 260 | |a Gerona : |b la Editorial Gerundense, |c 1927 | ||
| 300 | |a 229 p. : |b il. ; |c 20 cm | ||
| 590 | |a Edició il·lustrada per l'autor | ||
| 650 | |a Diaris íntims infantils |9 37988 | ||
| 650 | |a Ensenyament primari |x Catalunya |x Llibres de lectura |9 37989 | ||
| 901 | |a Arxiu | ||
| 942 | |n 1 | ||
| 952 | |0 0 |1 0 |4 0 |6 M2315 |7 1 |9 48185 |a Arxiu |b Arxiu |d 2016-12-01 |l 0 |o M-2-315 |p 1259 |r 2016-12-01 00:00:00 |w 2016-12-01 |y ARXIU | ||
| 999 | |c 51991 |d 51991 | ||